000 00683nam a2200217Ii 4500
001 7080
003 CO-ViMGA
008 241108s9999||||xx |||||||||||||| ||und||
020 _a9589061688
040 _aCO-ViMGA
_bspa
_erda
_cCO-ViMGA
041 0 _aunk
082 0 4 _a986.101-V297
100 1 _aPatricia Vargas
_956522
245 1 0 _aLos embera y los cuna:
_bImpacto y reacción ante la ocupación Española siglo XVI-XVII
264 1 _a[Lugar de publicación no identificado] : Cerec, 1993
300 _avolumen
336 _atext
_btxt
_2rdacontent
337 _aunmediated
_bn
_2rdamedia
338 _avolume
_bnc
_2rdacarrier
940 _aidficha_siabuc: 6917. -- ficha_no_siabuc:7080
999 _c54554
_d54554